10 villes des USA les plus peuplées commençant par S - Statistiques

Statistiques générales
  • Ce quiz a été pris 119 fois
  • Le résultat moyen est 4 sur 10
Statistiques - réponses
Nmb d'hab Réponse % Correct
808 988 San Francisco
90%
755 078 Seattle
81%
1 388 320 San Diego
75%
1 495 295 San Antonio
60%
526 384 Sacramento
51%
969 655 San José
41%
281 754 Saint-Louis
35%
310 539 Santa Ana
10%
263 553 St. Petersburg
4%
319 543 Stockton
1%
Aucun quiz correspondant
Distribution des résultats
% des personnes avec chaque résultat
Percentile par nombre de réponses
Votre historique - résultats
Vous n’avez pas pris ce quiz